Andy and don : (Record no. 126890)

MARC details
000 -LEADER
campo de control de longitud fija 02141nam a22002417a 4500
003 - IDENTIFICADOR DE NÚMERO DE CONTROL
campo de control BJBSDDR
005 - FECHA Y HORA DE LA ÚLTIMA TRANSACCIÓN
campo de control 20260423093417.0
007 - CAMPO FIJO DE DESCRIPCIÓN FÍSICA--INFORMACIÓN GENERAL
campo de control de longitud fija ta
008 - DATOS DE LONGITUD FIJA--INFORMACIÓN GENERAL
campo de control de longitud fija 260423s2015 nyu||||| |||| 00| 0 eng d
020 ## - NÚMERO INTERNACIONAL ESTÁNDAR DEL LIBRO
Número Internacional Estándar del Libro 9781476747743
020 ## - NÚMERO INTERNACIONAL ESTÁNDAR DEL LIBRO
Número Internacional Estándar del Libro 1476747741
040 ## - FUENTE DE CATALOGACIÓN
Lengua de catalogación spa
Centro/agencia transcriptor BJBSDDR
041 ## - CÓDIGO DE IDIOMA
Código de lengua del texto/banda sonora o título independiente eng
050 ## - SIGNATURA TOPOGRÁFICA DE LA BIBLIOTECA DEL CONGRESO
Número de ítem D278 2015
100 1# - ENTRADA PRINCIPAL--NOMBRE DE PERSONA
Nombre de persona De Vise, Daniel
9 (RLIN) 48067
245 ## - MENCIÓN DEL TÍTULO
Título Andy and don :
Resto del título the making of a friendship and a classic american tv show /
Mención de responsabilidad, etc. Daniel De Vise
260 ## - PUBLICACIÓN, DISTRIBUCIÓN, ETC.
Lugar de publicación, distribución, etc. New York :
Nombre del editor, distribuidor, etc. Simon & Schuster,
Fecha de publicación, distribución, etc. 2015
300 ## - DESCRIPCIÓN FÍSICA
Extensión xv, 301 pages ;
Dimensiones 22 cm
505 ## - NOTA DE CONTENIDO CON FORMATO
Nota de contenido con formato <br/>Prologue: the call<br/>Don's demons<br/>Laugh, lest you cry<br/>The bumpkins take Broadway<br/>Nervous men<br/>Andy takes a deputy<br/>A Hollywood friendship<br/>A slight thread of insanity<br/>Men in a hurry<br/>A date for Gomer<br/>Andy and Barney, phfftt<br/>The color years<br/>The death of Andy Taylor<br/>Second chances, second wives<br/>The gentleman lawyer<br/>Death in Mayberry<br/>
520 ## - RESUMEN, ETC.
Sumario, etc. When Andy Griffith went to Hollywood in 1960 to film a TV pilot about a small-town sheriff, his friend Don Knotts called to ask if his sheriff could use a deputy. Together, Sheriff Andy Taylor and Deputy Barney Fife elevated The Andy Griffith Show from a folksy sitcom into a timeless study of human friendship. The program was fiction, but the friendship was powerful and real. Andy and Don were fellow Southerners, born into poverty and raised among ne'er-do-wells, bullies, and drunks. They grew up during the Depression, Andy on the wrong side of the tracks in North Carolina, Don in a threadbare West Virginia boardinghouse. Though their Mayberry partnership lasted only until 1965, the two remained best friends for life. Andy was with Don in 2006 on his deathbed. This book captures the talent of these men at the height of their fame, as well as the struggles each faced in his personal life. Written by Don Knotts's brother-in-law and featuring extensive unpublished interviews, this book is the definitive account of The Andy Griffith Show and the two men who captured America's heart as they rocked lazily on the front porch/ --Adapted from book jacket
942 ## - ELEMENTOS DE ENTRADA SECUNDARIOS (KOHA)
Fuente del sistema de clasificación o colocación Clasificación de Library of Congress
Suprimir en OPAC No
Tipo de ítem Koha Libro
946 ## - PROCESAMIENTO DE INFORMACIÓN LOCAL (OCLC)
Iniciales del agente catalogador cmc
Holdings
Estatus retirado Estado de pérdida Fuente del sistema de clasificación o colocación Estado de daño No para préstamo Colección Biblioteca de origen Biblioteca actual Ubicación en estantería Fecha de adquisición Signatura topográfica completa Código de barras Visto por última vez Copia número Tipo de ítem Koha
    Clasificación de Library of Congress     Automatización y Procesos Técnicos Biblioteca Juan Bosch Biblioteca Juan Bosch Automatización y Procesos Técnicos (1er. Piso) 23/04/2026 D278 2015 00000198983 23/04/2026 1 Libro